000 01338namaa22003371i 4500
003 EG-GICUC
005 20260427112443.0
008 260427s2026 ua a|||jr|||| 000 0 ara d
017 _a2026 / 5126
_bدار الكتب والوثاثق القومية (مصر)
020 _a9786339989223
040 _aEG-GiCUC
_bara
_cEG-GiCUC
_dEG-GiCUC
_erda
082 0 4 _221
_a155.7
_bT146
092 0 4 _221
_a155.7
_bT146
099 _a155.7 T146
100 1 _aابو طالب، زينب ثروت.
_eمؤلف.
245 1 2 _aالتطور النمائى للمفاهيم الطبولوجية لدى طفل الروضة /
_cزينب ثروت غريب ابو طالب.
250 _aالطبعة الاولى.
264 _a[القاهرة] :
_bمدى للنشر والتوزيع والترجمة،
_c2026.
300 _a151 صفحة
_bإيضاحيات ؛
_c24 سم.
336 _2rdacontent
_atext
337 _2rdamedia
_aUnmediated
338 _2rdacarrier
_avolume
504 _a 151-141 ببليوجرافيا: صفحات.
541 _aزينب ثروت غريب ؛
_bالقاهرة ؛
_cإهداء ؛
_d2026.
650 1 7 _aعلم النفس الارتقائى
_2qrmak
650 1 7 _aالاطفال
_xنمو
_2qrmak
650 1 7 _aعلم النفس التفاضلى
_2qrmak
651 1 _2qrmak
905 _aNoha
942 _2ddc
_cBK
_e21
_n0
999 _c179755
_d179755